000 00611nam a2200193Ia 4500
005 20260114185653.0
008 008 260114s9999 xx 000 0 eng d
020 _a9780755621156
037 _aEBOOK
040 _aCRL
_beng
_cCRL
041 _aeng
_2eng
084 _qCRL
100 _aLaurence Fenton
_9872943
245 0 _aPalmerston and the Times Foreign Policy, the Press and Public Opinion in Mid-Victorian Britain
260 _bBloomsbury
_c2012
856 _uhttps://doi.org/10.5040/9780755621156?locatt=label:secondary_bloomsburyCollections
942 _cEBOOK
999 _c1471891
_d1471891